000 00529nam a2200181 i 4500
001 bg
100 1 _aKISIELEWSKI, Tadeusz
245 0 _aPiłsudski, Sikorski... Mikołajczyk /
_cTadeusz Kisielewski.
260 _aWarszawa :
_bLudowa Spółdzielnia Wydawnicza,
_c1991.
300 _a162, [5] s., [16] s. tabl. :
_bfot., portr. ;
_c21 cm.
020 _a832054419X
040 _cBPK
041 _apol
080 _a943.8.081/.082:929A/Z
920 _a83-205-4419-X
942 _cKS
008 s pl f |000 0 pol
999 _c29905
_d29905
856 _uhttp://koha.tu.koszalin.pl/cgi-bin/koha/opac-detail.pl?biblionumber=29905
_yKatalog online BPK